| 000 | 00519nam a2200145Ia 4500 | ||
|---|---|---|---|
| 008 | 100122s9999 xx 000 0 und d | ||
| 082 |
_b43579 _a823 |
||
| 100 | _aतासगावकर शशिकांत | ||
| 245 | _aघराणं तमासगिराचं | ||
| 260 |
_bग्रंथाली अभिनव वाचक चळवळ _c1989 |
||
| 300 | _a115 | ||
| 630 | _aघराणं तमासगिराचं | ||
| 730 | _aघराणं तमासगिराचं | ||
| 942 | _cBOOK | ||
| 999 |
_c423606 _d423603 |
||